000 00632nam a2200241Ia 4500
003 OSt
005 20220918191955.0
006 a|||||r|||| 00| 0
007 ta
008 220917b |||||||| |||| 00| 0 eng d
024 _a66,298
037 _cTextual
040 _aARTS
_cARTS
_beng
041 _2eng
_aeng
082 _aR3xC67:g, L4
100 _aVeatch Henry B
245 0 _aAristotle
_b a contemporary appreciation
260 _aLondon
_bIndiana Univ Press
_c1974
300 _a214p.
_ccm.
500 _aBib 200-03p
942 _hR3xC67:g, L4
_cTEXL
_2CC
999 _c192532
_d192532